Caracóis de ouro e os três ursos (Registo nº 1578)

Detalhes MARC
000 -Etiqueta do registo
Cabeçalho 01098nam0a2200301 4500
005 - Identificador da versão
Campo de controlo 20240813121840.0
010 ## - Número internacional normalizado dos livros (ISBN)
Número (ISBN) 9789728516291
021 ## - Número do Depósito Legal
Código do país PT
Número 290713/09
003 - Persistent Record Identifier
control field http://porbase.bnportugal.pt/ipac20/ipac.jsp?profile=bn&uri=full=3100024~!1364098~!0
100 ## - Dados gerais de processamento
Dados gerais de processamento 20160624d2004 bc y0pory5003 ba
102 ## - Pais de publicação ou produção
País de publicação Portugal
101 1# - Língua de publicação
Língua do texto, banda sonora, etc. Português
Língua do documento no original Inglês
215 ## - Descrição física 
Indicação específica da natureza do documento e extensão da espécie 19 p.
Outras indicações físicas il. color
200 1# - Titulo e menção de responsabilidade
Título próprio Caracóis de ouro e os três ursos
Informação de outro título histórias de sempre reescritas e adaptadas por escritores e ilustradores portugueses
Primeira menção de responsabilidade conto de Robert Southey
Outras menções de responsabilidade reescrita e adaptação Margarida Braga
-- il. Ricardo Neto
225 2# - Colecção 
Título próprio da colecção Mini contos clássicos
Indicação de volume 9
205 ## - Menção da edição
Menção da edição 3ª ed
210 ## - Publicação, Distribuição, etc. 
Lugar da edição, distribuição, etc. Lisboa
Nome do editor, distribuidor, etc. Papa-Letras
Data da publicação, distribuição, etc. 2009
300 ## - Notas gerais 
Texto da nota Plano Nacional de Leitura
606 ## - Nome comum usado como assunto
Número de registo de entrada de autoridade 0002036
Palavra de ordem Literatura inglesa
Subdivisão de assunto Conto
Código do sistema CA
675 ## - Classificação Decimal Universal (CDU)
Notação 821.111-34
Edição 3ª ed.
Língua da edição por
702 #1 - Nome de autor-pessoa física (responsabilidade secundária)
Número de registo de entrada de autoridade 0003024
Palavra de ordem Braga
Outra parte do nome não tomada para palavra de ordem Margarida
Código de função Adaptador
Número de registo de entrada de autoridade 0003025
ID Autoridade 2
Palavra de ordem Neto
Outra parte do nome não tomada para palavra de ordem Ricardo
Código de função Ilustrador / Técnico de desenho computorizado
700 #1 - Nome de autor-pessoa física (responsabilidade principal)
Número de registo de entrada de autoridade 0003026
Palavra de ordem Southey
Outra parte do nome não tomada para palavra de ordem Robert
Datas 1774-1843
966 ## - Identificação da Biblioteca
Sigla EB2,3ENM
942 ## - Elementos de entrada adicionados (Koha)
Tipo de item no Koha Livro
Exemplares
Situação do levantamento Origin of item (home branch) (coded) Biblioteca de empréstimo Código de barras Cota Circulation type (not for loan) Tipo de documento Nota do exemplar Damaged status
  Biblioteca Escolar Eng. Nuno Mergulhão Biblioteca Escolar Eng. Nuno Mergulhão BENM2804 82LE-34 SOU PNL   Livro Sem mensagem